| 000 | 03607nam a22002417 4500 | ||
|---|---|---|---|
| 999 |
_c1271 _d1271 |
||
| 003 | AR-BaISA | ||
| 005 | 20230320133510.0 | ||
| 007 | ta | ||
| 008 | 230320s2016 ag ao||| |||| 000 0 spa d | ||
| 020 | _a9789501271980 | ||
| 040 |
_bspa _cAR-BaISA |
||
| 082 | 0 | 4 |
_222 _a155.284 H183 |
| 100 | 1 |
_92784 _aHammer, Emanuel F. |
|
| 245 | 1 | 0 |
_aTests proyectivos gráficos / _cEmanuel F. Hammer |
| 260 |
_aBuenos Aires: _bPaidós, _c2016 |
||
| 300 |
_a446 p.: _bil., fotos |
||
| 504 | _aBibliografía al final de cada capítulo. | ||
| 504 | _aBibliografía p.: 441-446. | ||
| 505 |
_tTeresa Veccia / Palabras preliminares -- _tJaime Bernstein / Prólogo a la primera edición en Argentina -- _tE. F. Hammer / Prefacio _tPREPARANDO EL ESCENARIO: _tE. F. Hammer / La proyección en el taller artístico -- _tE. F. Hammer / La proyección en el encuadre clínico _tCOMPONENTES EXPRESIVOS: _tE. F. Hammer / Aspectos expresivos de los dibujos proyectivos _tCOMPONENTES DEL CONTENIDO. TEST DE LA FIGURA HUMANA: _tSidney Levy / Dibujo proyectivo de la figura humana -- _tFlorence Halpern / Estudio del caso de un niño enfermo de ocho años -- _tKaren Machover / Estudio de caso de un adolescente: niña adolescente enferma -- _tSydney Levy / Estudio del caso de un adulto: el caso del señor P. _tCOMPONENTES DEL CONTENIDO. TEST DE LA CASA-ÁRBOL-PERSONA (H-T-P): _tE. F. Hammer / Interpretación del contenido de la técnica proyectiva gráfica H-T-P -- _tE. F. Hammer / El HTP cromático, una técnica más profunda para captar la personalidad -- _tIsaac Jolles / Estudio de una caso infantil: la proyección de la personalidad de un niño en los dibujos -- _tE. F. Hammer / Estudio de un caso adolescente: delincuente sexual adolescente tardío -- _tFred Brown / Estudio de un caso adulto: validación clínica de los dibujos del HTP en el caso de un adulto (colitis ulcerosa crónica con ileostomía) -- _tJohn N. Buck / El caso de R.: antes y después de la terapia _tCOMPONENTES DEL CONTENIDO. OTRAS TÉCNICAS PROYECTIVAS: _tSidney Levy, Richard A. Levy / El simbolismo en los testes de dibujos de animales -- _tG. Marian Kinget / Test de completamientos de dibujos -- _tM. R. Harrower / Test del concepto más desagradable. Una técnica proyectiva gráfica para uso diagnóstico y terapéutico -- _tE. F. Hammer / Diversas técnicas proyectivas gráficas _tLOS DIBUJOS INTEGRADOS EN EL ESTUDIO DE CASOS: _tE. F. Hammer / La batería proyectiva gráfica. Ilustración de un caso _tINVESTIGACIÓN Y ESTUDIOS CLÍNICOS: _tEverett Heidgerd / La investigación en las técnicas gráficas _tLOS DIBUJOS PROYECTIVOS EN UN ENCUADRE PSICOTERAPÉUTICO: _tMargaret Naumburg / La terapia artística: su alcance y función -- _tMargaret Naumburg / Ilustración de un caso: terapia artística con una muchacha esquizofrénica de diecisiete años -- _tE. F. Hammer / Los garabatos: una técnica proyectiva informal -- _tLauretta Bender y Paul Schilder / Simplificación del mundo y de sus problemas en el arte de varones delincuentes asociales _tRELACIÓN ENTRE LOS DIBUJOS Y EL RESTO DE LA BATERÍA PROYECTIVA: _tE. F. Hammer / Áreas que resultan especialmente ventajosas para los dibujos proyectivos -- _tSelma Landisberg / Relaciones entre el Rorschach y los tests proyectivos gráficos -- _tEdwin S. Shneidman / Algunas relaciones entre materiales temáticos y materiales gráficos -- _tE. F. Hammer / Función pronostica de los dibujos de la batería proyectiva _tLA INTEGRACIÓN FINAL: _tE. F. Hammer / Retrospectiva y prospectiva |
||
| 650 | 1 | 0 |
_92785 _aPruebas psicológicas |
| 650 | 1 | 0 |
_92298 _aPruebas de personalidad |
| 942 |
_2ddc _cLI _e22 |
||